Reproductive health in the Middle East and North Africa: well-being for all (Record no. 56257)

MARC details
000 -LEADER
fixed length control field 00770nam a2200193 a 4500
008 - FIXED-LENGTH DATA ELEMENTS--GENERAL INFORMATION
fixed length control field 071102s2001 ||||||||||||||||| || u
020 ## - INTERNATIONAL STANDARD BOOK NUMBER
International Standard Book Number 0821349201
050 ## - LIBRARY OF CONGRESS CALL NUMBER
Classification number IBRD(06)HNP/2001/1
100 ## - MAIN ENTRY--PERSONAL NAME
Personal name Aoyama, Atsuko
245 10 - TITLE STATEMENT
Title Reproductive health in the Middle East and North Africa: well-being for all
260 ## - PUBLICATION, DISTRIBUTION, ETC.
Place of publication, distribution, etc. Washington, D. C.
Name of publisher, distributor, etc. World Bank
Date of publication, distribution, etc. 2001
300 ## - PHYSICAL DESCRIPTION
Extent xxiv, 146p. :ill.
350 ## - PRICE (NR) (BK AM CF MU VM SE) [OBSOLETE]
Price 0.00
490 ## - SERIES STATEMENT
Series statement Health, nutrition, and population
650 ## - SUBJECT ADDED ENTRY--TOPICAL TERM
Topical term or geographic name entry element MATERNAL HEALTH SERVICES--MIDDLE EAST
650 ## - SUBJECT ADDED ENTRY--TOPICAL TERM
Topical term or geographic name entry element REPRODUCTIVE HEALTH--MIDDLE EAST
650 ## - SUBJECT ADDED ENTRY--TOPICAL TERM
Topical term or geographic name entry element REPRODUCTIVE HEALTH--AFRICA, NORTH
995 ## - RECOMMENDATION 995 [LOCAL, UNIMARC FRANCE]
-- 0.00
-- CBU-MAIN LIBRARY (Kitwe)
-- 1
-- 0.00
-- 1
-- AVAILABLE
-- Nov 2, 2007
-- International Publications
Holdings
Withdrawn status Lost status Source of classification or shelving scheme Damaged status Not for loan Home library Current library Shelving location Date acquired Total Checkouts Full call number Barcode Date last seen Price effective from Koha item type
          CBU-MAIN LIBRARY, KITWE. CBU-MAIN LIBRARY, KITWE.   11/30/2022   IBRD(06)HNP/2001/1 45444 11/30/2022 11/30/2022 MONOGRAPH